| 000 | 00797nam a2200217Ia 4500 | ||
|---|---|---|---|
| 001 | 8783 | ||
| 003 | GE_BSU | ||
| 008 | 181216s||||||||xx |||||||||||||| ||und|| | ||
| 040 | _cGE_BSU | ||
| 080 | _a821.353.1–32 | ||
| 100 | _aთორდუა,ვლადიმერ | ||
| 245 | _aრჩეული | ||
| 245 | _bნოველები,მინიატურები,მოთხრობები | ||
| 245 | _cრედ:თ.დაუშვილი;მხატვ:გ.ღლონტი | ||
| 260 | _aთბილისი | ||
| 260 | _bსაბჭოთა საქართველო | ||
| 260 | _c1976 | ||
| 300 | _a361გვ.პორტრ:17სმ | ||
| 653 | _aნოველები,მინიატურები,მოთხრობები | ||
| 942 | _cBK | ||
| 999 |
_c42093 _d42093 |
||